<?xml version="1.0" encoding="UTF-8"?>
<record
    xmlns:xsi="http://www.w3.org/2001/XMLSchema-instance"
    xsi:schemaLocation="http://www.loc.gov/MARC21/slim http://www.loc.gov/standards/marcxml/schema/MARC21slim.xsd"
    xmlns="http://www.loc.gov/MARC21/slim">

  <leader>04860cas a22009131  4500</leader>
  <datafield tag="999" ind1=" " ind2=" ">
    <subfield code="c">17690</subfield>
    <subfield code="d">17690</subfield>
  </datafield>
  <controlfield tag="001">0000009420</controlfield>
  <controlfield tag="003">OSt</controlfield>
  <controlfield tag="005">20190524095703.0</controlfield>
  <controlfield tag="008">081021c         xxur p       0    0eng d</controlfield>
  <datafield tag="022" ind1=" " ind2=" ">
    <subfield code="a">0422-1419</subfield>
  </datafield>
  <datafield tag="040" ind1=" " ind2=" ">
    <subfield code="a">KABU</subfield>
    <subfield code="c">KABU</subfield>
  </datafield>
  <datafield tag="050" ind1=" " ind2=" ">
    <subfield code="a">KQC117</subfield>
    <subfield code="b">.E27 2011 v.1 c.1</subfield>
  </datafield>
  <datafield tag="245" ind1="0" ind2="4">
    <subfield code="a">The East Africa law reports.</subfield>
  </datafield>
  <datafield tag="260" ind1=" " ind2=" ">
    <subfield code="a">Nairobi :</subfield>
    <subfield code="b">LawAfrica Publishing.,</subfield>
    <subfield code="c">2011.</subfield>
  </datafield>
  <datafield tag="300" ind1=" " ind2=" ">
    <subfield code="a">v.</subfield>
  </datafield>
  <datafield tag="310" ind1=" " ind2=" ">
    <subfield code="a">Two no. a year,</subfield>
    <subfield code="b">1999-2005</subfield>
  </datafield>
  <datafield tag="321" ind1=" " ind2=" ">
    <subfield code="a">Four issues a year,</subfield>
    <subfield code="b">1969-1972</subfield>
  </datafield>
  <datafield tag="321" ind1=" " ind2=" ">
    <subfield code="a">Three issues a year,</subfield>
    <subfield code="b">1973-1974</subfield>
  </datafield>
  <datafield tag="440" ind1=" " ind2=" ">
    <subfield code="x">16844874</subfield>
  </datafield>
  <datafield tag="500" ind1=" " ind2=" ">
    <subfield code="a">Issues for 1957-1975 consist of cases from the Court of Appeal for East Africa, the Superior Courts of the Constuent Territories [Aden, Seychelles, Somaliland] and the Privy Council on appeal  from the above courts; 1999-2001 consists of cases from the High Court and others from East African courts, and Court of Justice for the Common Market for Eastern and Southern Africa; 2002 - consists of cases from Courts of Appeal and High Courts of Kenya, Tanzania and Uganda.</subfield>
  </datafield>
  <datafield tag="650" ind1=" " ind2="0">
    <subfield code="a">Law reports, digests, etc</subfield>
    <subfield code="x">Periodicals.</subfield>
    <subfield code="z">Africa, East.</subfield>
  </datafield>
  <datafield tag="650" ind1=" " ind2="0">
    <subfield code="a">Periodicals</subfield>
    <subfield code="v">Directories.</subfield>
  </datafield>
  <datafield tag="710" ind1="2" ind2=" ">
    <subfield code="a">Court of Appeal for Eastern Africa.</subfield>
  </datafield>
  <datafield tag="710" ind1="2" ind2=" ">
    <subfield code="a">Kenya.</subfield>
    <subfield code="b">High Court.</subfield>
  </datafield>
  <datafield tag="710" ind1="2" ind2=" ">
    <subfield code="a">Tanzania.</subfield>
    <subfield code="b">High Court.</subfield>
  </datafield>
  <datafield tag="710" ind1="2" ind2=" ">
    <subfield code="a">Uganda.</subfield>
    <subfield code="b">High Court.</subfield>
  </datafield>
  <datafield tag="908" ind1=" " ind2=" ">
    <subfield code="a">081021</subfield>
  </datafield>
  <datafield tag="942" ind1=" " ind2=" ">
    <subfield code="2">lcc</subfield>
    <subfield code="c">REF</subfield>
    <subfield code="h">KQC117</subfield>
    <subfield code="i">.E27 2011 v.1 c.1</subfield>
    <subfield code="k">REF</subfield>
  </datafield>
  <datafield tag="952" ind1=" " ind2=" ">
    <subfield code="0">0</subfield>
    <subfield code="1">0</subfield>
    <subfield code="2">lcc</subfield>
    <subfield code="7">0</subfield>
    <subfield code="a">KABU</subfield>
    <subfield code="b">KABU</subfield>
    <subfield code="d">2019-05-24</subfield>
    <subfield code="g">9000.00</subfield>
    <subfield code="l">0</subfield>
    <subfield code="o">KQC117 .E27 2011 v.1 c. 1</subfield>
    <subfield code="p">023352</subfield>
    <subfield code="r">2019-05-24 00:00:00</subfield>
    <subfield code="t">c. 1</subfield>
    <subfield code="w">2019-05-24</subfield>
    <subfield code="y">REF</subfield>
  </datafield>
  <datafield tag="952" ind1=" " ind2=" ">
    <subfield code="0">0</subfield>
    <subfield code="1">0</subfield>
    <subfield code="2">lcc</subfield>
    <subfield code="7">0</subfield>
    <subfield code="a">KABU</subfield>
    <subfield code="b">KABU</subfield>
    <subfield code="d">2019-05-24</subfield>
    <subfield code="g">9000.00</subfield>
    <subfield code="l">0</subfield>
    <subfield code="o">KQC117 .E27 2011 v. 2 c. 1</subfield>
    <subfield code="p">023276</subfield>
    <subfield code="r">2019-05-24 00:00:00</subfield>
    <subfield code="t">c. 1</subfield>
    <subfield code="w">2019-05-24</subfield>
    <subfield code="y">REF</subfield>
  </datafield>
  <datafield tag="952" ind1=" " ind2=" ">
    <subfield code="0">0</subfield>
    <subfield code="1">0</subfield>
    <subfield code="2">lcc</subfield>
    <subfield code="7">0</subfield>
    <subfield code="a">KABU</subfield>
    <subfield code="b">KABU</subfield>
    <subfield code="d">2019-05-24</subfield>
    <subfield code="g">9000.00</subfield>
    <subfield code="l">0</subfield>
    <subfield code="o">KQC117 .E27 2012 v. 1 c. 1</subfield>
    <subfield code="p">023351</subfield>
    <subfield code="r">2019-05-24 00:00:00</subfield>
    <subfield code="t">c. 1</subfield>
    <subfield code="w">2019-05-24</subfield>
    <subfield code="y">REF</subfield>
  </datafield>
  <datafield tag="952" ind1=" " ind2=" ">
    <subfield code="0">0</subfield>
    <subfield code="1">0</subfield>
    <subfield code="2">lcc</subfield>
    <subfield code="7">0</subfield>
    <subfield code="a">KABU</subfield>
    <subfield code="b">KABU</subfield>
    <subfield code="d">2019-05-24</subfield>
    <subfield code="g">9000.00</subfield>
    <subfield code="l">0</subfield>
    <subfield code="o">KQC117 .E27 2012 v. 2 c. 1</subfield>
    <subfield code="p">023277</subfield>
    <subfield code="r">2019-05-24 00:00:00</subfield>
    <subfield code="t">c. 1</subfield>
    <subfield code="w">2019-05-24</subfield>
    <subfield code="y">REF</subfield>
  </datafield>
  <datafield tag="952" ind1=" " ind2=" ">
    <subfield code="0">0</subfield>
    <subfield code="1">0</subfield>
    <subfield code="2">lcc</subfield>
    <subfield code="7">0</subfield>
    <subfield code="a">KABU</subfield>
    <subfield code="b">KABU</subfield>
    <subfield code="d">2019-05-24</subfield>
    <subfield code="g">9000.00</subfield>
    <subfield code="l">0</subfield>
    <subfield code="o">KQC117 .E27 2013  v.  1 c. 1</subfield>
    <subfield code="p">023350</subfield>
    <subfield code="r">2019-05-24 00:00:00</subfield>
    <subfield code="t">c. 1</subfield>
    <subfield code="w">2019-05-24</subfield>
    <subfield code="y">REF</subfield>
  </datafield>
  <datafield tag="952" ind1=" " ind2=" ">
    <subfield code="0">0</subfield>
    <subfield code="1">0</subfield>
    <subfield code="2">lcc</subfield>
    <subfield code="7">0</subfield>
    <subfield code="a">KABU</subfield>
    <subfield code="b">KABU</subfield>
    <subfield code="d">2019-05-24</subfield>
    <subfield code="g">9000.00</subfield>
    <subfield code="l">0</subfield>
    <subfield code="o">KQC117 .E27 2013  v.  2 c. 1</subfield>
    <subfield code="p">023349</subfield>
    <subfield code="r">2019-05-24 00:00:00</subfield>
    <subfield code="t">c. 1</subfield>
    <subfield code="w">2019-05-24</subfield>
    <subfield code="y">REF</subfield>
  </datafield>
  <datafield tag="952" ind1=" " ind2=" ">
    <subfield code="0">0</subfield>
    <subfield code="1">0</subfield>
    <subfield code="2">lcc</subfield>
    <subfield code="7">0</subfield>
    <subfield code="a">KABU</subfield>
    <subfield code="b">KABU</subfield>
    <subfield code="d">2019-05-24</subfield>
    <subfield code="g">9000.00</subfield>
    <subfield code="l">0</subfield>
    <subfield code="o">KQC117 .E27 2014  v.  1 c. 1</subfield>
    <subfield code="p">023275</subfield>
    <subfield code="r">2019-05-24 00:00:00</subfield>
    <subfield code="t">c. 1</subfield>
    <subfield code="w">2019-05-24</subfield>
    <subfield code="y">REF</subfield>
  </datafield>
  <datafield tag="952" ind1=" " ind2=" ">
    <subfield code="0">0</subfield>
    <subfield code="1">0</subfield>
    <subfield code="2">lcc</subfield>
    <subfield code="7">0</subfield>
    <subfield code="a">KABU</subfield>
    <subfield code="b">KABU</subfield>
    <subfield code="d">2019-05-24</subfield>
    <subfield code="g">9000.00</subfield>
    <subfield code="l">0</subfield>
    <subfield code="o">KQC117 .E27 2014  v. 2 c. 1</subfield>
    <subfield code="p">023343</subfield>
    <subfield code="r">2019-05-24 00:00:00</subfield>
    <subfield code="t">c. 1</subfield>
    <subfield code="w">2019-05-24</subfield>
    <subfield code="y">REF</subfield>
  </datafield>
  <datafield tag="952" ind1=" " ind2=" ">
    <subfield code="0">0</subfield>
    <subfield code="1">0</subfield>
    <subfield code="2">lcc</subfield>
    <subfield code="7">0</subfield>
    <subfield code="a">KABU</subfield>
    <subfield code="b">KABU</subfield>
    <subfield code="d">2019-05-24</subfield>
    <subfield code="g">9000.00</subfield>
    <subfield code="l">0</subfield>
    <subfield code="o">KQC117 .E27 2014  v. 3 c. 1</subfield>
    <subfield code="p">023344</subfield>
    <subfield code="r">2019-05-24 00:00:00</subfield>
    <subfield code="t">c. 1</subfield>
    <subfield code="w">2019-05-24</subfield>
    <subfield code="y">REF</subfield>
  </datafield>
  <datafield tag="952" ind1=" " ind2=" ">
    <subfield code="0">0</subfield>
    <subfield code="1">0</subfield>
    <subfield code="2">lcc</subfield>
    <subfield code="7">0</subfield>
    <subfield code="a">KABU</subfield>
    <subfield code="b">KABU</subfield>
    <subfield code="d">2019-05-24</subfield>
    <subfield code="g">9000.00</subfield>
    <subfield code="l">0</subfield>
    <subfield code="o">KQC117 .E27 2015  v. 1 c. 1</subfield>
    <subfield code="p">023345</subfield>
    <subfield code="r">2019-05-24 00:00:00</subfield>
    <subfield code="t">c. 1</subfield>
    <subfield code="w">2019-05-24</subfield>
    <subfield code="y">REF</subfield>
  </datafield>
  <datafield tag="952" ind1=" " ind2=" ">
    <subfield code="0">0</subfield>
    <subfield code="1">0</subfield>
    <subfield code="2">lcc</subfield>
    <subfield code="7">0</subfield>
    <subfield code="a">KABU</subfield>
    <subfield code="b">KABU</subfield>
    <subfield code="d">2019-05-24</subfield>
    <subfield code="g">9000.00</subfield>
    <subfield code="l">0</subfield>
    <subfield code="o">KQC117 .E27 2015  v. 2 c. 1</subfield>
    <subfield code="p">023346</subfield>
    <subfield code="r">2019-05-24 00:00:00</subfield>
    <subfield code="t">c. 1</subfield>
    <subfield code="w">2019-05-24</subfield>
    <subfield code="y">REF</subfield>
  </datafield>
  <datafield tag="952" ind1=" " ind2=" ">
    <subfield code="0">0</subfield>
    <subfield code="1">0</subfield>
    <subfield code="2">lcc</subfield>
    <subfield code="7">0</subfield>
    <subfield code="a">KABU</subfield>
    <subfield code="b">KABU</subfield>
    <subfield code="d">2019-05-24</subfield>
    <subfield code="g">9000.00</subfield>
    <subfield code="l">0</subfield>
    <subfield code="o">KQC117 .E27 2016  v. 1 c. 1</subfield>
    <subfield code="p">023347</subfield>
    <subfield code="r">2019-05-24 00:00:00</subfield>
    <subfield code="t">c. 1</subfield>
    <subfield code="w">2019-05-24</subfield>
    <subfield code="y">REF</subfield>
  </datafield>
  <datafield tag="952" ind1=" " ind2=" ">
    <subfield code="0">0</subfield>
    <subfield code="1">0</subfield>
    <subfield code="2">lcc</subfield>
    <subfield code="7">0</subfield>
    <subfield code="a">KABU</subfield>
    <subfield code="b">KABU</subfield>
    <subfield code="d">2019-05-24</subfield>
    <subfield code="g">9000.00</subfield>
    <subfield code="l">0</subfield>
    <subfield code="o">KQC117 .E27 2016  v. 2 c. 1</subfield>
    <subfield code="p">023348</subfield>
    <subfield code="r">2019-05-24 00:00:00</subfield>
    <subfield code="t">c. 1</subfield>
    <subfield code="w">2019-05-24</subfield>
    <subfield code="y">REF</subfield>
  </datafield>
  <datafield tag="952" ind1=" " ind2=" ">
    <subfield code="0">0</subfield>
    <subfield code="1">0</subfield>
    <subfield code="2">lcc</subfield>
    <subfield code="7">0</subfield>
    <subfield code="a">KABU</subfield>
    <subfield code="b">KABU</subfield>
    <subfield code="d">2019-05-24</subfield>
    <subfield code="g">9000.00</subfield>
    <subfield code="l">0</subfield>
    <subfield code="o">KQC117 .E27 2016  v. 3 c. 1</subfield>
    <subfield code="p">023273</subfield>
    <subfield code="r">2019-05-24 00:00:00</subfield>
    <subfield code="t">c. 1</subfield>
    <subfield code="w">2019-05-24</subfield>
    <subfield code="y">REF</subfield>
  </datafield>
  <datafield tag="952" ind1=" " ind2=" ">
    <subfield code="0">0</subfield>
    <subfield code="1">0</subfield>
    <subfield code="2">lcc</subfield>
    <subfield code="7">0</subfield>
    <subfield code="a">KABU</subfield>
    <subfield code="b">KABU</subfield>
    <subfield code="d">2019-05-24</subfield>
    <subfield code="g">9000.00</subfield>
    <subfield code="l">0</subfield>
    <subfield code="o">KQC117 .E27 2017  v. 1 c. 1</subfield>
    <subfield code="p">023272</subfield>
    <subfield code="r">2019-05-24 00:00:00</subfield>
    <subfield code="t">c. 1</subfield>
    <subfield code="w">2019-05-24</subfield>
    <subfield code="y">REF</subfield>
  </datafield>
  <datafield tag="952" ind1=" " ind2=" ">
    <subfield code="0">0</subfield>
    <subfield code="1">0</subfield>
    <subfield code="2">lcc</subfield>
    <subfield code="7">0</subfield>
    <subfield code="a">KABU</subfield>
    <subfield code="b">KABU</subfield>
    <subfield code="d">2019-05-24</subfield>
    <subfield code="g">9000.00</subfield>
    <subfield code="l">0</subfield>
    <subfield code="o">KQC117 .E27 2017  v. 2 c. 1</subfield>
    <subfield code="p">023271</subfield>
    <subfield code="r">2019-05-24 00:00:00</subfield>
    <subfield code="t">c. 1</subfield>
    <subfield code="w">2019-05-24</subfield>
    <subfield code="y">REF</subfield>
  </datafield>
</record>
